| 000 | 00994nam a2200265Ia 4500 | ||
|---|---|---|---|
| 003 | OSt | ||
| 005 | 20221005103150.0 | ||
| 006 | a|||||r|||| 00| 0 | ||
| 007 | ta | ||
| 008 | 221004b |||||||| |||| 00| 0 hin d | ||
| 020 | _cIndian Rupees 55 | ||
| 024 | _a28526 | ||
| 037 |
_bGift, 14/02/2017, _cTextual |
||
| 040 |
_aCRL _cCRL _bhin |
||
| 041 |
_2hin _ahin |
||
| 082 | _aO152,6x, N1 | ||
| 100 |
_aनन्दवाना, लक्ष्मीनारायण, संपा. _9167908 |
||
| 245 | 0 | _aमेरी रचना प्रक्रिया | |
| 246 | _aMerī rachanā prakriyā | ||
| 260 |
_aउदयपुर _bराजस्थान साहित्य अकादमी भारत _c1991 |
||
| 300 |
_a124पृ0 _ccm. |
||
| 650 | _aहिन्दी निबंध | ||
| 942 |
_hO152,6x, N1 _cTEXL _2cc |
||
| 999 |
_c1009531 _d1009531 |
||